Score 0/26 Timer 02:00
0 Plays Today
Movie Name Missing Word % Correct
Finding ____Nemo & Neverland
96.9%
The Color ____Purple
95.2%
A Clockwork ____Orange
94.9%
The ____ SpeechKing's
93.9%
____ of PiLife
93.8%
Crouching Tiger, Hidden ____Dragon
93.7%
____ of Dreams Field
92.3%
Malcolm ____X
90.3%
Good Morning, ____Vietnam
89.9%
____ of New York Gangs
89.1%
The Full ____Monty
88.9%
Letters from Iwo ____Jima
87.8%
The ____ StuffRight
87.7%
Movie Name Missing Word % Correct
From Here to ____Eternity
86.9%
____ Doodle Dandy Yankee
86.4%
The Grand ____ HotelBudapest
85.3%
____ Can Wait Heaven
85%
____ in the AirUp
83.6%
The Towering ____Inferno
83.3%
Lost in ____Translation
80.8%
Doctor ____Zhivago
75.5%
____ ShowQuiz
72.4%
The ____ Tourist Accidental
66.7%
The ____ Game Crying
66.6%
The Lion in ____Winter
62.1%
Beasts of the ____ WildSouthern
45.7%

Today's Daily Dose

Remove Ads.
Support Sporcle.
Get the best of Sporcle when you Go Orange. This ad-free experience offers more features, more stats, and more fun while also helping to support Sporcle. Thank you for becoming a member.

You're not logged in!

Compare scores with friends on all Sporcle quizzes.
OR
Log In

Show Comments

Extras

Top Quizzes Today


Score Distribution

Your Account Isn't Verified!

In order to create a playlist on Sporcle, you need to verify the email address you used during registration. Go to your Sporcle Settings to finish the process.

Report this User

Report this user for behavior that violates our Community Guidelines.

Details: